| 000 | 00688nam a2200229 u 4500 | ||
|---|---|---|---|
| 005 | 20260221064005.0 | ||
| 008 | 180524s2007 mx r 000 0 spa d | ||
| 020 | _a9789706418005 | ||
| 035 | _aUPN01000224960 | ||
| 049 | _aCG | ||
| 050 | 4 |
_aLC272 _bD5.2 |
|
| 100 | 1 |
_aDíaz Hernández, Carlos, _d1944- _940159 |
|
| 245 | 1 | 0 |
_aEducar con valores y vivir con humanidad / _cCarlos Díaz. |
| 260 |
_aMéxico : _bProgreso, _c2007. |
||
| 300 | _a248 p. | ||
| 440 | 0 | _aEducar con valores y virtudes | |
| 650 | 4 |
_aEducación _xAspectos morales y éticos _917020 |
|
| 650 | 2 |
_aDesarrollo humano _913482 |
|
| 650 | 4 |
_aEducación _xFilosofía _94994 |
|
| 905 | _aLibro | ||
| 999 |
_c197057 _d197057 |
||